Εξελίξεις του πληθυσμού των αγροτικών περιοχών της Ελλάδος : 1920-1981
Saved in:
| Main Author: | |
|---|---|
| Format: | Book |
| Language: | Greek |
| Published: |
Αθήνα :
Εθνικό Κέντρο Κοινωνικών Ερευνών,
1988
|
| Subjects: | |
| Tags: |
Add Tag
No Tags, Be the first to tag this record!
|
MARC
| LEADER | 00000nam a2200000 i 4500 | ||
|---|---|---|---|
| 001 | 1/49068 | ||
| 008 | 941103s1988 gre d | ||
| 035 | |a 1988 |c ΔΩΡΕΑ |l 10043510 | ||
| 035 | |a 1988 |b 3 |c Δωρεά | ||
| 040 | |a GR-MY-UA |b gre |e aacr | ||
| 041 | 0 | |a gre | |
| 082 | 0 | |a 304.6 | |
| 100 | 1 | |a Χουλιαράκης, Μιχαήλ. | |
| 245 | 1 | 0 | |a Εξελίξεις του πληθυσμού των αγροτικών περιοχών της Ελλάδος : |b 1920-1981 / |c Μιχαήλ Χουλιαράκης |
| 260 | |a Αθήνα : |b Εθνικό Κέντρο Κοινωνικών Ερευνών, |c 1988 | ||
| 300 | |a 574 σ.; |c 29 εκ. | ||
| 504 | |a Περιλαμβάνει βιβλιογραφίες | ||
| 650 | 0 | 0 | |a Rural population |z Greece |x Statistics. |
| 650 | 0 | 0 | |a Population. |
| 650 | 0 | 0 | |a Demography. |
| 650 | 0 | 0 | |a Demographic surveys |z Greece. |
| 650 | 0 | 0 | |a Rural population |z Greece. |
| 651 | 0 | |a Greece |x Population. | |
| 852 | |a INST |b LESVOS |e 19950228 |h 304.6 ΧΟΥ |p 005100002668 |q 005100002668 |t BK |y 0 | ||
| 852 | |a INST |b RHODES |e 19970226 |h 304.6 ΧΟΥ |p 005400010498 |q 005400010498 |t BK |y 0 | ||
| 852 | |a INST |b SAMOS |e 19941103 |h 304.6 ΧΟΥ |p 005300000267 |q 005300000267 |t BK |y 0 | ||
| 909 | |a Σ |b 020474 | ||
| 909 | |a Ρ |b 009933 |c 1988 | ||
| 909 | |a Λ |b 010878 | ||
| 922 | |a 1ΕΛΗ |b 198807 |c ΠΠ/8114 | ||